| 000 | 00546nam a2200193 4500 | ||
|---|---|---|---|
| 003 | LK-CoMWRAF | ||
| 005 | 20240103114826.0 | ||
| 008 | 230906b1992 |||||||| |||| 00| 0 eng d | ||
| 040 |
_aLK-CoMWRAF _dLK-CoMWRAF _eLK-CoMWRAF |
||
| 041 | _aeng | ||
| 082 |
_a891.48 _bSIR |
||
| 100 | _aSirivardana, Susil | ||
| 245 | _aFive stories the poor are rich | ||
| 260 |
_b Janasaviya commissioner's department, _c1992 |
||
| 300 | _a43p. ; 20cm | ||
| 490 | _a Janasaviya initiatives publications : 8 | ||
| 650 | _aShort stories - Sinhalese | ||
| 942 | _cBK | ||
| 999 |
_c3421 _d3421 |
||